000 00673nam a2200217 i 4500
001 115225
003 ES-MaACL
005 20250707062620.0
007 t|
008 070226s1909 sp ||||1| spa d
080 _a821.134.2-32"19"
100 1 _aBueno, Manuel.
_932381
245 1 3 _aEl talón de Aquiles
_b: novela /
_cde Manuel Bueno ; ilustraciones de Tusgain y Tovar.
260 _aMadrid :
_bEl Cuento Semanal,
_c1909.
300 _a24 p. :
_bil. ;
_c26 cm.
490 1 _aEl cuento semanal ;
_v105
700 1 _aTusgain y Tovar
_c, ilustrador.
_9111770
830 0 3 _aEl cuento semanal
_v105
_9185957
852 _aES-MaACL
_jG-4443(1)
999 _c115225
_d115225